Happiness : (Record no. 141103)

MARC details
000 -LEADER
fixed length control field 00554nam a22001937a 4500
005 - DATE AND TIME OF LATEST TRANSACTION
control field 20181205153645.0
010 ## - LCCN (DPL NO)
LC control number ENG-118632
020 ## - INTERNATIONAL STANDARD BOOK NUMBER
International Standard Book Number 9788130930251
Terms of availability 225.00
035 ## - SYSTEM CONTROL NUMBER
System control number EN-102164
037 ## - SOURCE OF ACQUISITION
Source of stock number/acquisition DBAD/PUB
082 ## - DEWEY DECIMAL CLASSIFICATION NUMBER
Classification number 152.4
100 ## - MAIN ENTRY--PERSONAL NAME
Personal name Singh,Just Win
245 ## - TITLE STATEMENT
Title Happiness :
Remainder of title here and everywhere /
Statement of responsibility, etc by Just Win Singh
260 ## - PUBLICATION, DISTRIBUTION, ETC. (IMPRINT)
Place of publication, distribution, etc New Delhi
Name of publisher, distributor, etc Viva books
Date of publication, distribution, etc 2015
270 ## - ADDRESS
Address 4737/23, Ansari Road, Daryaganj,New Delhi-110002
300 ## - PHYSICAL DESCRIPTION
Extent 143p
Dimensions 22cm(pbk)
500 ## - GENERAL NOTE
General note Includes index
942 ## - ADDED ENTRY ELEMENTS (KOHA)
Source of classification or shelving scheme Dewey Decimal Classification
Item type English Books
Classification part 152.4
Call number suffix SIN
Holdings
Withdrawn status Lost status Not for loan Collection code Home library Current library Date acquired Source of acquisition Cost, normal purchase price Full call number Barcode Copy number Cost, replacement price Koha item type
    Not For Loan Non-fiction D.B.Act.Division Bawana 14/06/2017 DBAD/PUB. 225.00 152.4 SIN EN-102164 1 225.00 English Books

© Delhi Public Library
Hit Counter
free hit counter